000
00222nam a22000857a 4500
008
161213b xxu||||| |||| 00| 0 eng d
100
_9
2031
_a
Dolphin Book
245
_a
Picture Dictionary
260
_a
New Delhi
_b
Dolphin Book
_c
2014
999
_c
4907
_d
4907